| 000 | 00614nam a22002293 4500 | ||
|---|---|---|---|
| 999 |
_c7835 _d7835 |
||
| 001 | 7835 | ||
| 003 | BD - JhCC | ||
| 005 | 20181003174719.0 | ||
| 008 | 961121m19361937enk j 000 0 eng d | ||
| 035 | _a(BD - JhCC)7835 | ||
| 040 |
_aEQO _cEQO _dBD-JhCC |
||
| 041 | _aeng | ||
| 082 |
_bROM 1937 _a428.6 |
||
| 245 | 0 | 4 |
_aThe romance of reading : _b1st ser. / _ced. by R.K. and M.I.R. Polkinghorne. |
| 260 |
_aLond., _c1936-37. |
||
| 300 |
_a156 mp. : _c15 cm. |
||
| 650 | _aReading | ||
| 700 | 1 |
_aPolkinghorne, R. K. _q(Ruby Kathleen) |
|
| 700 | 1 | _aPolkinghorne, M. I. R. | |
| 942 |
_2ddc _cBK |
||